Normal view MARC view
  • Parnell, John A. |q (John Alan)

Entry Personal Name

Number of records used in: 1

001 - CONTROL NUMBER

  • control field: 6713

003 - CONTROL NUMBER IDENTIFIER

  • control field: OSt

005 - DATE AND TIME OF LATEST TRANSACTION

  • control field: 20170522111318.0

008 - FIXED-LENGTH DATA ELEMENTS

  • fixed length control field: 170522|| aca||aabn | a|a d

040 ## - CATALOGING SOURCE

  • Original cataloging agency: OSt
  • Transcribing agency: OSt

100 ## - HEADING--PERSONAL NAME

  • Personal name: Parnell, John A. |q (John Alan)
  • Dates associated with a name: 1964-

670 ## - SOURCE DATA FOUND

  • Source citation: Work cat.: (OSt): Parnell, John A. |q (John Alan) 1964-, Strategic management, c2014.
Pusat Sumber Maklumat Dato' Haji Sarmin Md Hussin, Akademi Kastam Diraja Malaysia, Melaka
Tel: 06-2331106 | Faks: 06-2313787